000 00799cam a2200277 a 4500
001 1491552
003 Nust
005 20220829113604.0
008 880208s1988 nyu 000 1 eng
010 _a 88003264
020 _a9780330478243
_cRs. 476
038 _aArshad
040 _aDLC
_cDLC
_dDLC
_dOCoLC
_dDLC
050 0 0 _aPR6053.O425
_bR6 1988
082 0 0 _a823
_bCOL
100 1 _aCollins, Jackie.
_912048
245 1 0 _aRock star /
_cJackie Collins.
260 _aNew York :
_bSimon and Schuster,
_c1988.
300 _a440 p. ;
_c25 cm.
650 0 _aRock musicians
_xFiction.
_912051
650 0 _aFame
_xFiction.
_912052
655 7 _aMusical fiction.
_2lcsh
_912053
655 7 _aLove stories.
_2gsafd
_9418
906 _a7
_bcbc
_corignew
_d1
_eocip
_f19
_gy-gencatlg
942 _2ddc
_cBK
999 _c174412
_d174412